Francuzi w Atletico Madryt - nagła śmierć - Statystyki

Ogólne statystyki
  • Ten quiz został rozwiązany 54 razy
  • Średni wynik to 5 z 8
Answers on the Grid
Answers color-coded by a green-red scale on the quiz's grid according to % correct below.
Olivier Dacourt
Kevin Gameiro
Olivier Giroud
Antoine Griezmann
Lucas Hernandez
Presnel Kimpembe
Geoffrey Kondogbia
Thomas Lemar
Clément Lenglet
Anthony Le Tallec
Peter Luccin
Blaise Matuidi
Dimitri Payet
Paul Pogba
Florent Sinama-Pongolle
Samuel Umtiti
 
Statystyki odpowiedzi
Odpowiedź % Poprawnych
Antoine Griezmann
93%
Thomas Lemar
85%
Lucas Hernandez
76%
Clément Lenglet
70%
Kevin Gameiro
70%
Geoffrey Kondogbia
59%
Florent Sinama-Pongolle
37%
Peter Luccin
17%
Nie znaleziono quizów pasujących do podanych kryteriów
Rozkład punktacji
Procent ludzi z każdym wynikiem
Percentyl według liczby udzielonych odpowiedzi
Twoja historia wyników
Nie rozwiązałeś tego quizu